Normal view
MARC view
- Heavy oil
Entry Topical Term
001 - CONTROL NUMBER
- control field: 86440
003 - CONTROL NUMBER IDENTIFIER
- control field: NUST
005 - DATE AND TIME OF LATEST TRANSACTION
- control field: 20211210155052.0
008 - FIXED-LENGTH DATA ELEMENTS
- fixed length control field: 211210|| aca||aabn | a|a d
040 ## - CATALOGING SOURCE
- Original cataloging agency: NUST
- Transcribing agency: NUST
150 ## - HEADING--TOPICAL TERM
- Topical term or geographic name entry element: Heavy oil
670 ## - SOURCE DATA FOUND
- Source citation: Work cat.: (NUST)33552: Speight, James G. 86439, Heavy oil production processes /, 2013.
